banner koha

Preparo de uma farinha de milho integral e desengordurada e seu uso em produtos de panificacao [Pao; Biscoito; Macarrao; Bolo; Brasil] (Registro n. 106123)

MARC details
000 -LÍDER
campo de controle de tamanho fixo 01250nas a2200349 4500
001 - NÚMERO DE CONTROLE
campo de controle BR8101799
003 - IDENTIFICADOR DO NÚMERO DE CONTROLE
campo de controle BR-BrBNA
005 - DATA E HORÁRIO DA ÚLTIMA TRANSAÇÃO
campo de controle 20231205084605.0
007 - CAMPO FIXO DE DESCRIÇÃO FÍSICA--INFORMAÇÃO GERAL
campo de controle de tamanho fixo ta
008 - CAMPO DE DADOS FIXOS--INFORMAÇÃO GERAL
campo de controle de tamanho fixo 230509b bl.|||p| |||| 00| 00por d
040 ## - FONTE DA CATALOGAÇÃO
Instituição da catalogação original BR-BrBNA
Idioma da catalogação por
Instituição que transcreveu o registro Biblioteca Nacional de Agricultura
041 ## - CÓDIGO DE IDIOMA
Código do idioma do texto/trilha sonora ou título diferente (Pt)
072 ## - CÓDIGO DE CATEGORIA DE ASSUNTO
Código de Categoria de Assunto Q10
100 1# - ENTRADA PRINCIPAL--NOME PESSOAL
Nome pessoal Vitti, P.
100 1# - ENTRADA PRINCIPAL--NOME PESSOAL
Nome pessoal Leitao, R.F. de F.
100 1# - ENTRADA PRINCIPAL--NOME PESSOAL
Nome pessoal Pizzinatto, A.
100 1# - ENTRADA PRINCIPAL--NOME PESSOAL
Nome pessoal Penteado, R.L.B.
111 1# - ENTRADA PRINCIPAL--NOME DO EVENTO
Nome do evento ou lugar 4. Congresso Brasileiro de Ciencia e Tecnologia de Alimentos
Local do evento Rio de Janeiro, RJ (Brazil)
Data do evento ou assinatura do tratado 5 Oct 1980
245 1# - TÍTULO
Título Preparo de uma farinha de milho integral e desengordurada e seu uso em produtos de panificacao [Pao; Biscoito; Macarrao; Bolo; Brasil]
246 1# - FORMA VARIANTE DO TÍTULO
Título/título abreviado The production of defatted whole corn flour and its use in bakery products [Bread; Biscuit; Macaroni; Cake; Brazil]
650 ## - ASSUNTO--TERMO TÓPICO
Cabeçalho tópico ou nome geográfico Tecnologia de alimento
650 ## - ASSUNTO--TERMO TÓPICO
Cabeçalho tópico ou nome geográfico Farinha
650 ## - ASSUNTO--TERMO TÓPICO
Cabeçalho tópico ou nome geográfico Pao
650 ## - ASSUNTO--TERMO TÓPICO
Cabeçalho tópico ou nome geográfico Biscoito
650 ## - ASSUNTO--TERMO TÓPICO
Cabeçalho tópico ou nome geográfico Macarrao
650 ## - ASSUNTO--TERMO TÓPICO
Cabeçalho tópico ou nome geográfico Bolo
650 ## - ASSUNTO--TERMO TÓPICO
Cabeçalho tópico ou nome geográfico Milho
650 ## - ASSUNTO--TERMO TÓPICO
Cabeçalho tópico ou nome geográfico Industria alimenticia
773 0# - ENTRADA ANALÍTICA
Título Boletim do Instituto de Tecnologia de Alimentos (Brazil)
ISSN - International Standard Serial Number ISSN 0366-0281
Partes relacionadas (Oct 1980), v. 17(4) p. 451-467
Número de controle do registro BR8101799
909 ## -
-- 202311
-- Lúcia
-- 55
-- Lúcia Elande
942 ## - ELEMENTOS DE ENTRADA ADICIONADOS (KOHA)
Fonte da classificação ou esquema de arquivamento na estante Classificação AGRIS
Ocultar no OPAC Não
Tipo de material Koha Analítica
Exemplares
Situação do descarte Fonte da classificação ou esquema de arquivamento na estante Situação física Não pode ser emprestado Biblioteca de origem Biblioteca atual Localização na estante Enumeração do periódico / cronologia Total de empréstimos Data de último acesso Número do exemplar Tipo de material Koha Fonte de aquisição
  Classificação AGRIS   Consulta local Biblioteca Nacional de Agricultura - Binagri Biblioteca Nacional de Agricultura - Binagri   (Oct 1980), v. 17(4) p. 451-467   29/11/2023 01 Periódicos Portaria Interministerial nº 164/94

BINAGRI

Telefone: (61)3218-2567/2388/3357/2097 - binagri@agro.gov.br

Ministério da Agricultura e Pecuária , Esplanada dos Ministérios, Bloco D, Anexo B, Brasília/DF, CEP: 70.043-900